000 01883nam0a22003251 4500
001 v19\rc\1414763
005 20250618105535.0
035 _a(NLR Aleph) 004542670
090 _a2028883
_c2028883
100 _a20060512d1880 |||y0rusy50 ca
101 1 _arus
_cger
102 _aRU
105 _aa z |||||
200 1 _aИллюстрированный гомеопатический лечебник для домашних животных
_eВнутр. и наруж. болезни лошадей, рогатого скота, овец, коз, свиней, собак, кошек и птиц
_eПредохранение и лечение их по правилам гомеопатии
_eПер. с 4 нем. изд.
_fОбраб. д-ром Швабе при содействии известнейших гомеопат. вет. врачей и сел. хоз.
210 _aСанкт-Петербург
_cтип. Цедербаума и Гольденблюма
_d1880
215 _a[2], 542 с.
_cил.
_d21
300 _aЗагл. ориг.: Grosser illustrirter Hausthierarzt. Пер. также под загл.: Ветеринарный лечебник; Полный практический скотолечебник
451 0 _12001#$aВетеринарный лечебник
_tВетеринарный лечебник
451 0 _12001#$aПолный практический скотолечебник
_tПолный практический скотолечебник
454 0 _12001#$aGrosser illustrirter Hausthierarzt
_tGrosser illustrirter Hausthierarzt
700 1 _aШвабе
_bВ.
_gВильмар
801 0 _aRU
_bNLR
_gpsbo
801 0 _aRU
_bRuMoRGB
_2psbo
801 1 _aRU
_bProSoft-M
_2rusmarc
852 _aNLR
_j18.224.4.5
899 _aRuMoRGB
_jE 27/203
899 _aRuMoRGB
_jE 97/283
899 _aБАН
942 _cBOOK
980 _aNB